=LDR 00000nam 2200000 4500 =001 INLIS000000000050035 =005 20200227095217 =035 ##$$a 0010-041700000000225 =008 200227################g##########0#ind## =020 ##$$a 978-602-0862-04-0 =040 ##$$a NBPDMAT =082 ##$$a 155.25 =090 ##$$a 155.25 $ Wer n =100 ##$$a Werdayanti, Rina =245 1#$$a Nilai boleh biasa mental harus juara /$c Rina Werdayanti =260 ##$$a Yogyakarta :$b Istana Media,$c 2015 =300 ##$$a xxii, 312 hlm. : $b ilius. ; $c 12 x 19 cm =650 #4$$a Motivasi =850 ##$$a NBPDMAT =084 ##$$a 155.25 WER n =250 ##$$a Cet. 1 =990 ##$$a 31700953 =990 ##$$a 31700954